Market chain of rice product in angkor borey district takeo province ខ្សែចង្វាក់ទីផ្សារផលិតផលស្រូវ អង្ករនៅស្រុកអង្គរបូរី ខេត្តតាកែវ (Record no. 957)

000 -LEADER
fixed length control field 00700nam a22001577a 4500
003 - CONTROL NUMBER IDENTIFIER
control field OSt
005 - DATE AND TIME OF LATEST TRANSACTION
control field 20200609140930.0
008 - FIXED-LENGTH DATA ELEMENTS--GENERAL INFORMATION
fixed length control field 150921b xxu||||| |||| 00| 0 eng d
040 ## - CATALOGING SOURCE
Transcribing agency RUA
082 ## - DEWEY DECIMAL CLASSIFICATION NUMBER
Classification number AGR PO 2009 B040 Or.1
Edition number https://drive.google.com/file/d/1siGklcXNCc4ahkE-gCCTGBnOnZP0fQo8/view?usp=sharing
100 ## - MAIN ENTRY--PERSONAL NAME
9 (RLIN) 997
Personal name PO, SOVANNARETH.
245 ## - TITLE STATEMENT
Title Market chain of rice product in angkor borey district takeo province ខ្សែចង្វាក់ទីផ្សារផលិតផលស្រូវ អង្ករនៅស្រុកអង្គរបូរី ខេត្តតាកែវ
260 ## - PUBLICATION, DISTRIBUTION, ETC. (IMPRINT)
Place of publication, distribution, etc. Phnom Penh
Name of publisher, distributor, etc. RUA
Date of publication, distribution, etc. 2009
300 ## - PHYSICAL DESCRIPTION
Extent vii; 39p.
Other physical details ill.
Dimensions 29cm.
942 ## - ADDED ENTRY ELEMENTS (KOHA)
Source of classification or shelving scheme
Koha item type AGR
Holdings
Price effective from Date last seen Permanent Location Not for loan Date acquired Source of classification or shelving scheme Koha item type Lost status Withdrawn status Date last checked out Total Checkouts Shelving location Damaged status Barcode Current Location Full call number
2015-09-212015-09-21Library Block B 2015-09-21 AGR    B040 RUA000724Library Block BAGR PO 2009 B040 Or.1
2015-09-212021-01-04Library Block B 2015-09-21 AGR  2020-12-251B040 RUA000646Library Block BAGR PO 2009 B040 Or.2
2015-09-212015-09-21Library Block B 2015-09-21 AGR    B040 RUA000949Library Block BAGR PO 2009 B040 Or.3
2015-09-242015-09-24Library Block B 2015-09-24 AGR    B040 RUA001388Library Block BAGR PO 2009 B040 Or.4
2015-09-272016-02-17Library Block B 2015-09-27 AGR  2016-02-131B049 RUA018775Library Block BAGR PO 2009 B040 Or.5
2015-09-272018-05-25Library Block B 2015-09-27 AGR  2018-05-111B049 RUA019509Library Block BAGR PO 2009 B040 Or.6
2015-09-272015-09-27Library Block B 2015-09-27 AGR    B049 RUA018990Library Block BAGR PO 2009 B040 Or.7
2015-09-272015-09-27Library Block B 2015-09-27 AGR    B049 RUA018561Library Block BAGR PO 2009 B040 Or.8
មជ្ឈមណ្ឌលឯការនៃសាកលវិទ្យាល័យភូមិន្ទកសិកម្មចំការដូង

Powered by Koha